[Soósová, Antónia]

Zobrazenie: Podobizeň Antónie Soósovej, rod. Ambróziovej, dcéry tabulárneho sudcu Jána Ambróziho a Júlie, rod. Dessewffyovej, sesternice Júlie Šafárikovej, manželky Pavla Jozefa Šafárika.

Bibliographic Details
Corporate Author: Szinay a spol. (Miškovec, Maďarsko) (Author)
Format: Photo
Language:Hungarian
Published: [S.l. s.n. s.a.]
Subjects:

MARC

LEADER 00000nkmaa2200000 a 4500
001 vtls011728190
003 SK-MaSNL
005 20260302054044.0
007 kh ao
008 230802n hu | |||0 k|hun
035 |a urn:nbn:sk:snk-km00co9c 
035 |a urn:nbn:sk:snk-km3lpq7 
035 |a 5C8573DD-D62A-4F39-BFA6-E14591EA9D4E 
040 |a SNKLA  |b slo  |c SNKLA  |e AACR2 
041 0 |a hun 
044 |a hu  |c HU 
110 2 |a Szinay a spol. (Miškovec, Maďarsko)  |4 aut  |9 712790 
245 1 0 |a [Soósová, Antónia]  |h grafika 
260 |a [S.l.  |b s.n.  |c s.a.] 
300 |a 1 fotografia  |b v hnedom tóne  |c 11 x 6 cm 
520 2 |a Zobrazenie: Podobizeň Antónie Soósovej, rod. Ambróziovej, dcéry tabulárneho sudcu Jána Ambróziho a Júlie, rod. Dessewffyovej, sesternice Júlie Šafárikovej, manželky Pavla Jozefa Šafárika. 
600 1 7 |a Soósová, Antónia  |2 SNKLA  |9 496865 
655 7 |a portrétne fotografie  |2 SNKLA  |9 305796 
852 7 |a Slovenská národná knižnica  |b Literárny archív 
958 |a ZO 
958 |a BLA 
999 |c 1111908  |d 1113838 
952 |a SNKLA  |b SNKLA  |c SNKLA_DEP  |y NEVYP  |7 0  |p 17A1226635  |o snkK 17/58  |i snkLA 2484/1960  |0 0  |1 0  |4 0  |d 2017-12-20  |f 1  |l 0  |r 2026-02-24 18:04:16  |w 2026-02-24